[Event "Tashkent Hokim Cup 4th"]
[Site "Tashkent"]
[Date "2012.08.06"]
[Round "9"]
[White "Nazhmeddinov, Sirodjiddin"]
[Black "Begmuratov, Alisher"]
[Result "1/2-1/2"]
[WhiteElo "2264"]
[BlackElo "2236"]
[PlyCount "85"]
[EventDate "2012.07.29"]
[EventType "swiss"]
[EventRounds "9"]
[EventCountry "UZB"]
[SourceTitle "EXT 2024"]
[Source "ChessBase"]
[SourceDate "2023.10.10"]
[SourceVersion "1"]
[SourceVersionDate "2023.10.10"]
[SourceQuality "1"]

1. e4 c6 2. d4 d5 3. Nc3 dxe4 4. Nxe4 Nf6 5. Nxf6+ gxf6 6. c3 Bf5 7. Bc4 Qc7 8. Ne2 Nd7 9. Ng3 Bg6 10. f4 f5 11. Be3 e6 12. a4 h5 13. h4 Nf6 14. b4 Nd5 15. Bxd5 cxd5 16. Bd2 Bd6 17. Qf3 f6 18. Rc1 0-0-0 19. Nf1 Kb8 20. g3 Qd7 21. a5 Rde8 22. Kf2 e5 23. Be3 e4 24. Qe2 Bf7 25. Nd2 Rc8 26. Nb3 Rc4 27. Nc5 Qb5 28. Nb3 Qd7 29. Nd2 Rc7 30. Nb3 Rc4 31. Qb2 Qb5 32. Rhd1 Rhc8 33. Nd2 R4c7 34. Nf1 Be8 35. Bd2 Bd7 36. Ne3 Rg8 37. Nf1 Be8 38. Be3 Rcg7 39. Qa2 Rc7 40. Bd2 Qd3 41. Be3 Qb5 42. Bd2 Qd3 43. Be3 1/2-1/2

[Event "UZB-ch"]
[Site "Tashkent"]
[Date "2012.05.24"]
[Round "8"]
[White "Nazhmeddinov, Sirodjiddin"]
[Black "Artemenko, Oleg"]
[Result "1-0"]
[WhiteElo "2246"]
[BlackElo "2298"]
[PlyCount "103"]
[EventDate "2012.05.17"]
[EventType "tourn"]
[EventRounds "11"]
[EventCountry "UZB"]
[EventCategory "5"]
[SourceTitle "CBM 148 Extra"]
[Source "ChessBase"]
[SourceDate "2012.06.22"]
[SourceVersion "1"]
[SourceVersionDate "2012.06.22"]
[SourceQuality "1"]

1. e4 c5 2. Nf3 Nc6 3. d4 cxd4 4. Nxd4 g6 5. c4 Nf6 6. Nc3 d6 7. Be2 Nxd4 8. Qxd4 Bg7 9. Be3 0-0 10. Qd2 a5 11. f3 a4 12. 0-0 Qa5 13. Rac1 Be6 14. Nd5 Qxd2 15. Bxd2 Bxd5 16. cxd5 Nd7 17. Rc7 Nc5 18. Bg5 Bd4+ 19. Kh1 f6 20. Bf4 Rf7 21. Rb1 e5 22. Rxf7 Kxf7 23. Bd2 f5 24. exf5 gxf5 25. g3 Kf6 26. Kg2 Na6 27. h4 Nc7 28. Bc4 b5 29. Bg5+ Kg7 30. Bd3 a3 31. bxa3 Rxa3 32. Bxf5 Rxa2+ 33. Kh3 Rb2 34. Rc1 Nxd5 35. Rc6 h6 36. Bxh6+ Kxh6 37. Rxd6+ Kg7 38. Rxd5 b4 39. h5 Rf2 40. Rd7+ Kf6 41. h6 Kxf5 42. h7 Rf1 43. Kg2 Rf2+ 44. Kg1 Ra2+ 45. Rxd4 Ra8 46. Rxb4 Rh8 47. Rh4 Kg6 48. Kf2 Rxh7 49. Rxh7 Kxh7 50. Ke3 Kg6 51. Ke4 Kf6 52. g4 1-0

[Event "UZB-ch"]
[Site "Tashkent"]
[Date "2012.05.23"]
[Round "7"]
[White "Alikulov, Elbek"]
[Black "Nazhmeddinov, Sirodjiddin"]
[Result "1/2-1/2"]
[WhiteElo "2249"]
[BlackElo "2246"]
[PlyCount "123"]
[EventDate "2012.05.17"]
[EventType "tourn"]
[EventRounds "11"]
[EventCountry "UZB"]
[EventCategory "5"]
[SourceTitle "CBM 148 Extra"]
[Source "ChessBase"]
[SourceDate "2012.06.22"]
[SourceVersion "1"]
[SourceVersionDate "2012.06.22"]
[SourceQuality "1"]

1. e4 e5 2. Nf3 Nc6 3. Bb5 a6 4. Ba4 Nf6 5. 0-0 Be7 6. Re1 b5 7. Bb3 d6 8. c3 0-0 9. h3 Na5 10. Bc2 c5 11. d4 Qc7 12. Nbd2 cxd4 13. cxd4 Nc6 14. Nb3 a5 15. Be3 a4 16. Nbd2 Be6 17. a3 exd4 18. Nxd4 Nxd4 19. Bxd4 Nd7 20. Rc1 Qb7 21. Nf3 Rfd8 22. Bc3 Ne5 23. Nd4 Bd7 24. Bb1 Rac8 25. f4 Nc4 26. Qd3 Qb6 27. Kh1 g6 28. Nc2 Bh4 29. Nb4 Bc6 30. Re2 Qc5 31. Bd4 Qh5 32. Nxc6 Rxc6 33. g4 Qh6 34. g5 Qh5 35. Rf1 h6 36. gxh6 Qxh6 37. Qf3 Rdc8 38. e5 d5 39. e6 Nd6 40. exf7+ Nxf7 41. Rg2 Rd6 42. Rfg1 Rcc6 43. f5 g5 44. Ba2 Rc8 45. Bxd5 Rcd8 46. Bxf7+ Kxf7 47. Be3 Rd3 48. Qe4 Qd6 49. f6 Qxf6 50. Rc2 R8d7 51. Kg2 Kg7 52. Rf1 Qd6 53. Rf3 Qd5 54. Qe8 Rf7 55. Qxf7+ Qxf7 56. Rxf7+ Kxf7 57. Kf3 Kg6 58. Ke4 Rb3 59. Rg2 b4 60. axb4 Rxb4+ 61. Kd3 a3 62. bxa3 1/2-1/2

[Event "UZB-ch"]
[Site "Tashkent"]
[Date "2012.05.22"]
[Round "6"]
[White "Nazhmeddinov, Sirodjiddin"]
[Black "Kvon, Andrey"]
[Result "1-0"]
[WhiteElo "2246"]
[BlackElo "2499"]
[PlyCount "137"]
[EventDate "2012.05.17"]
[EventType "tourn"]
[EventRounds "11"]
[EventCountry "UZB"]
[EventCategory "5"]
[SourceTitle "CBM 148 Extra"]
[Source "ChessBase"]
[SourceDate "2012.06.22"]
[SourceVersion "1"]
[SourceVersionDate "2012.06.22"]
[SourceQuality "1"]

1. e4 c5 2. Nf3 Nc6 3. d4 cxd4 4. Nxd4 Qb6 5. Nb3 Nf6 6. Nc3 e6 7. Be3 Qc7 8. Be2 a6 9. 0-0 b5 10. a3 Bb7 11. Nc5 Bc8 12. Nd3 d6 13. f4 Bb7 14. Qe1 Na5 15. e5 Nc4 16. Bd4 Nd7 17. Bf3 Bxf3 18. Rxf3 Rd8 19. b3 Nxa3 20. Rxa3 dxe5 21. Rxa6 Qc8 22. Nxb5 Nb8 23. Ra7 Rxd4 24. Nxd4 exd4 25. Qa5 Bd6 26. Qb5+ Qc6 27. Qxc6+ Nxc6 28. Ra8+ Nb8 29. Ne5 0-0 30. Kf1 f6 31. Nc4 Bc5 32. Ke2 Nc6 33. Rxf8+ Kxf8 34. Rf1 Nb4 35. Kd2 Nd5 36. g3 Bb4+ 37. Ke2 Bc3 38. Nd2 Ke7 39. Ne4 Bb2 40. Kd3 f5 41. Nc5 Nb4+ 42. Kd2 Bc3+ 43. Kd1 Nd5 44. Ke2 Kd6 45. Na4 Ba5 46. Rd1 e5 47. fxe5+ Kxe5 48. Ra1 g5 49. Nc5 Bc3 50. Nd3+ Ke4 51. Ra8 Ne3 52. Nf2+ Kd5 53. Nd1 Nxc2 54. Nxc3+ dxc3 55. Kd3 Ne1+ 56. Kxc3 Nf3 57. Ra5+ Ke4 58. Ra2 f4 59. b4 Nd4 60. gxf4 gxf4 61. Rd2 Nb5+ 62. Kc4 Na3+ 63. Kc5 f3 64. Rb2 h5 65. h4 Kf4 66. Ra2 Nb1 67. Kd4 Kg3 68. b5 f2 69. Rxf2 1-0

[Event "UZB-ch 1st League"]
[Site "Tashkent"]
[Date "2012.04.14"]
[Round "3"]
[White "Begmuratov, Alisher"]
[Black "Nazhmeddinov, Sirodjiddin"]
[Result "0-1"]
[WhiteElo "2199"]
[BlackElo "2209"]
[PlyCount "88"]
[EventDate "2012.04.12"]
[EventType "tourn"]
[EventRounds "9"]
[EventCountry "UZB"]
[SourceTitle "EXT 2013"]
[Source "ChessBase"]
[SourceDate "2012.11.22"]
[SourceVersion "1"]
[SourceVersionDate "2012.11.22"]
[SourceQuality "1"]

1. e4 c5 2. Nf3 Nc6 3. Nc3 g6 4. d4 cxd4 5. Nxd4 Bg7 6. Be3 Nf6 7. Bc4 0-0 8. Bb3 a5 9. 0-0 a4 10. Nxa4 Nxe4 11. Nb5 Ra6 12. f3 Nf6 13. c4 Na5 14. c5 Nxb3 15. Qxb3 d5 16. cxd6 exd6 17. Nac3 Re8 18. Bd4 Be6 19. Qb4 d5 20. Rfe1 Rc6 21. Rad1 Bf8 22. Qb3 Nh5 23. Bf2 Nf4 24. Nd4 Qg5 25. Bg3 Bc5 26. Kh1 Nh5 27. Bf2 Nf4 28. Bg3 Nh5 29. Be5 f6 30. Nxe6 Rcxe6 31. Rxd5 Nf4 32. Rd2 fxe5 33. Ne4 Qe7 34. Rd7 Qf8 35. Ng5 Qf5 36. Nxe6 Rxe6 37. Qxb7 Bf8 38. Rxh7 g5 39. Rc7 Nd3 40. Re2 Nc5 41. Qb4 Na6 42. Qe4 Qxe4 43. Rxe4 Nxc7 44. Rg4 Be7 0-1

[Event "UZB-ch 1st League"]
[Site "Tashkent"]
[Date "2012.04.12"]
[Round "1"]
[White "Nazhmeddinov, Sirodjiddin"]
[Black "Aliyev, Kosim"]
[Result "1-0"]
[WhiteElo "2209"]
[BlackElo "2087"]
[PlyCount "77"]
[EventDate "2012.04.12"]
[EventType "tourn"]
[EventRounds "9"]
[EventCountry "UZB"]
[SourceTitle "EXT 2013"]
[Source "ChessBase"]
[SourceDate "2012.11.22"]
[SourceVersion "1"]
[SourceVersionDate "2012.11.22"]
[SourceQuality "1"]

1. e4 c5 2. Nf3 Nc6 3. d4 cxd4 4. Nxd4 e5 5. Nb5 d6 6. N1c3 a6 7. Na3 Be6 8. Nc4 Be7 9. Nd5 Bxd5 10. exd5 Nb8 11. Bd2 Nd7 12. Qg4 g6 13. h4 Ngf6 14. Qf3 Qc7 15. 0-0-0 b5 16. Ne3 Nc5 17. Kb1 Nfe4 18. Bb4 f5 19. h5 0-0-0 20. c4 Qb6 21. cxb5 axb5 22. Nc2 Kb7 23. Na3 Na6 24. Be1 Nc7 25. Qe2 Rc8 26. Rh3 Bg5 27. Nxb5 Nxb5 28. Qxb5 Rc5 29. Qxb6+ Kxb6 30. Rb3+ Kc7 31. Bb4 Nxf2 32. Bxc5 Nxd1 33. Bb6+ Kd7 34. Bb5+ Ke7 35. Kc2 Rb8 36. Ba6 Ra8 37. Bb7 Rb8 38. Kxd1 Rxb7 39. Bd8+ 1-0

[Event "UZB-ch 1st League"]
[Site "Tashkent"]
[Date "2011.04.22"]
[Round "11"]
[White "Alikulov, Elbek"]
[Black "Nazhmeddinov, Sirodjiddin"]
[Result "1-0"]
[WhiteElo "2180"]
[BlackElo "2227"]
[PlyCount "45"]
[EventDate "2011.04.12"]
[EventType "tourn"]
[EventRounds "11"]
[EventCountry "UZB"]
[SourceTitle "CBM 142 Extra"]
[Source "ChessBase"]
[SourceDate "2011.06.27"]
[SourceVersion "1"]
[SourceVersionDate "2011.06.27"]
[SourceQuality "1"]

1. e4 e5 2. Nf3 Nc6 3. Bb5 a6 4. Ba4 Nf6 5. 0-0 Be7 6. Re1 b5 7. Bb3 d6 8. c3 0-0 9. h3 Na5 10. Bc2 c5 11. d4 Qc7 12. Nbd2 cxd4 13. cxd4 Nc6 14. Nb3 a5 15. Be3 a4 16. Nbd2 Bd7 17. Rc1 Qb7 18. Qe2 Rfe8 19. Bd3 exd4 20. Nxd4 Nb4 21. Bb1 a3 22. b3 Qb6 23. Nc6 1-0

[Event "Tashkent New Year-B"]
[Site "Tashkent"]
[Date "2010.12.29"]
[Round "9"]
[White "Nazhmeddinov, Sirodjiddin"]
[Black "Gevorgyan, Irina"]
[Result "1/2-1/2"]
[WhiteElo "2233"]
[BlackElo "2134"]
[PlyCount "118"]
[EventDate "2010.12.21"]
[EventType "swiss"]
[EventRounds "9"]
[EventCountry "UZB"]
[SourceTitle "EXT 2013"]
[Source "ChessBase"]
[SourceDate "2012.11.22"]
[SourceVersion "1"]
[SourceVersionDate "2012.11.22"]
[SourceQuality "1"]

1. e4 c5 2. Nf3 e6 3. d4 cxd4 4. Nxd4 a6 5. Bd3 Nf6 6. 0-0 Qc7 7. c4 Bd6 8. h3 0-0 9. Be3 Nc6 10. Nc3 Nxd4 11. Bxd4 Be5 12. Be3 Bf4 13. Qe2 Bxe3 14. Qxe3 d6 15. f4 Nd7 16. Rad1 Rb8 17. Kh1 b6 18. f5 Qc5 19. Qf4 Qe5 20. Be2 b5 21. cxb5 axb5 22. fxe6 Qxf4 23. Rxf4 fxe6 24. Rxf8+ Kxf8 25. Bxb5 Ke7 26. Bxd7 Bxd7 27. Rd2 Bc6 28. Kg1 Rb4 29. b3 Bxe4 30. a3 Rxb3 31. Nxe4 d5 32. Ng5 h6 33. Nf3 Rxa3 34. Kf2 Kd6 35. Nd4 Ra8 36. Re2 Rf8+ 37. Ke1 e5 38. Nc2 d4 39. Rf2 Rc8 40. Kd2 Ke6 41. Rf1 Ra8 42. Rf3 Rc8 43. Rg3 Kf6 44. Ra3 Kf5 45. Ra7 g5 46. Rh7 Kg6 47. Re7 Kf6 48. Rd7 h5 49. Ne1 Ra8 50. Ke2 Ra2+ 51. Kf1 Ra1 52. g4 hxg4 53. hxg4 Ke6 54. Rd8 Ke7 55. Rb8 d3 56. Rb2 e4 57. Kf2 e3+ 58. Kxe3 Rxe1+ 59. Kxd3 Rg1 1/2-1/2

[Event "Tashkent New Year-B"]
[Site "Tashkent"]
[Date "2010.12.25"]
[Round "5"]
[White "Kholmatov, Yokubjon"]
[Black "Nazhmeddinov, Sirodjiddin"]
[Result "1-0"]
[WhiteElo "2111"]
[BlackElo "2233"]
[PlyCount "93"]
[EventDate "2010.12.21"]
[EventType "swiss"]
[EventRounds "9"]
[EventCountry "UZB"]
[SourceTitle "EXT 2013"]
[Source "ChessBase"]
[SourceDate "2012.11.22"]
[SourceVersion "1"]
[SourceVersionDate "2012.11.22"]
[SourceQuality "1"]

1. e4 e5 2. Nf3 Nc6 3. Bb5 a6 4. Bxc6 dxc6 5. Nc3 f6 6. d4 Bg4 7. dxe5 Qxd1+ 8. Nxd1 Bxf3 9. gxf3 fxe5 10. f4 Bd6 11. f5 Nf6 12. f3 0-0-0 13. Bg5 Bc5 14. Nf2 h6 15. Bh4 Rhe8 16. Rd1 Rxd1+ 17. Kxd1 Nh5 18. Nd3 Bf8 19. Rg1 c5 20. c4 b5 21. b3 Bd6 22. Ke2 Kd7 23. Bf2 bxc4 24. bxc4 Rg8 25. Bxc5 Rb8 26. Be3 Kc8 27. c5 Be7 28. Rd1 Rb5 29. a4 Rb3 30. Nxe5 Rc3 31. Nd3 Rc4 32. e5 Rxa4 33. f4 Ra3 34. Rd2 Ra1 35. Kf3 Rf1+ 36. Kg4 g6 37. fxg6 Ng7 38. Bf2 h5+ 39. Kf3 a5 40. Ke4 Ra1 41. Bd4 Ra4 42. Nb2 Rb4 43. f5 Ne8 44. Rg2 Ng7 45. f6 Ne6 46. f7 Rxd4+ 47. Ke3 1-0

[Event "Tashkent New Year-B"]
[Site "Tashkent"]
[Date "2010.12.22"]
[Round "2"]
[White "Baymuratova, Sevara"]
[Black "Nazhmeddinov, Sirodjiddin"]
[Result "0-1"]
[WhiteElo "2065"]
[BlackElo "2233"]
[PlyCount "74"]
[EventDate "2010.12.21"]
[EventType "swiss"]
[EventRounds "9"]
[EventCountry "UZB"]
[SourceTitle "EXT 2013"]
[Source "ChessBase"]
[SourceDate "2012.11.22"]
[SourceVersion "1"]
[SourceVersionDate "2012.11.22"]
[SourceQuality "1"]

1. d4 Nf6 2. c4 e6 3. Nf3 b6 4. g3 Bb7 5. Bg2 Bb4+ 6. Bd2 Be7 7. Nc3 Ne4 8. Nxe4 Bxe4 9. 0-0 0-0 10. Bc3 d6 11. Nh4 Bxg2 12. Nxg2 c5 13. dxc5 bxc5 14. Qd2 Nc6 15. Rad1 Qb6 16. Nf4 Bg5 17. e3 Bxf4 18. gxf4 Rfd8 19. e4 d5 20. f5 d4 21. f6 Ne5 22. f4 dxc3 23. Qg2 Ng6 24. bxc3 Rxd1 25. Rxd1 Rd8 26. Re1 Qb7 27. h4 h5 28. Qg3 Qc7 29. e5 gxf6 30. Rf1 f5 31. Qg5 Qe7 32. Qxh5 Qxh4 33. Qxh4 Nxh4 34. Rb1 Ng6 35. Rb5 Nxf4 36. Rxc5 Ne2+ 37. Kf1 Nxc3 0-1

[Event "UZB-ch 1st League"]
[Site "Tashkent"]
[Date "2010.04.21"]
[Round "11"]
[White "Tastanov, Arstan"]
[Black "Nazhmeddinov, Sirodjiddin"]
[Result "0-1"]
[WhiteElo "2059"]
[BlackElo "2190"]
[PlyCount "68"]
[EventDate "2010.04.11"]
[EventType "tourn"]
[EventRounds "11"]
[EventCountry "UZB"]
[SourceTitle "EXT 2013"]
[Source "ChessBase"]
[SourceDate "2012.11.22"]
[SourceVersion "1"]
[SourceVersionDate "2012.11.22"]
[SourceQuality "1"]

1. Nf3 Nf6 2. d4 c5 3. d5 d6 4. c4 g6 5. Nc3 Bg7 6. g3 e6 7. Bg2 exd5 8. cxd5 0-0 9. 0-0 a6 10. a4 Re8 11. Re1 Bf5 12. Nh4 Bc8 13. e4 Nbd7 14. f4 Rb8 15. a5 b5 16. axb6 Qxb6 17. h3 Nh5 18. Kh2 c4 19. Nf5 gxf5 20. Qxh5 Nf6 21. Qd1 Nxe4 22. Be3 Qb3 23. Qh5 Qxb2 24. Nxe4 fxe4 25. Reb1 Qxb1 26. Rxb1 Rxb1 27. f5 Rb3 28. Bf4 e3 29. Qg4 h5 30. Qg5 f6 31. Qxh5 Bd7 32. Qe2 Bxf5 33. Qxc4 Rb2 34. Qc3 Rc2 0-1

[Event "UZB-ch 1st League"]
[Site "Tashkent"]
[Date "2010.04.20"]
[Round "10"]
[White "Nazhmeddinov, Sirodjiddin"]
[Black "Kholmirzaev, Bakhodir"]
[Result "0-1"]
[WhiteElo "2190"]
[BlackElo "2344"]
[PlyCount "42"]
[EventDate "2010.04.11"]
[EventType "tourn"]
[EventRounds "11"]
[EventCountry "UZB"]
[SourceTitle "EXT 2013"]
[Source "ChessBase"]
[SourceDate "2012.11.22"]
[SourceVersion "1"]
[SourceVersionDate "2012.11.22"]
[SourceQuality "1"]

1. d4 d5 2. Nf3 Nc6 3. Bf4 Bg4 4. Nbd2 e6 5. h3 Bh5 6. e3 Bd6 7. c3 f5 8. Qb3 Qc8 9. Bxd6 cxd6 10. c4 Nf6 11. cxd5 Nxd5 12. Nc4 Qd7 13. Qxb7 Qxb7 14. Nxd6+ Ke7 15. Nxb7 Rab8 16. Ba6 Bxf3 17. gxf3 Ncb4 18. Nc5 Nc2+ 19. Kd2 Nxa1 20. b3 Nxb3+ 21. axb3 Rb4 0-1

[Event "UZB-ch 1st League"]
[Site "Tashkent"]
[Date "2010.04.19"]
[Round "9"]
[White "Hamrakulova, Yulduz"]
[Black "Nazhmeddinov, Sirodjiddin"]
[Result "1/2-1/2"]
[WhiteElo "2249"]
[BlackElo "2190"]
[PlyCount "91"]
[EventDate "2010.04.11"]
[EventType "tourn"]
[EventRounds "11"]
[EventCountry "UZB"]
[SourceTitle "EXT 2013"]
[Source "ChessBase"]
[SourceDate "2012.11.22"]
[SourceVersion "1"]
[SourceVersionDate "2012.11.22"]
[SourceQuality "1"]

1. d4 Nf6 2. c4 e6 3. Nf3 b6 4. g3 Ba6 5. b3 d5 6. Bg2 Bb4+ 7. Bd2 Bxd2+ 8. Nbxd2 0-0 9. Qc2 Nbd7 10. e4 dxe4 11. Nxe4 Nxe4 12. Qxe4 Nf6 13. Qc2 Bb7 14. 0-0 Be4 15. Qc3 a5 16. a3 c5 17. Rfd1 Qc7 18. Ra2 a4 19. b4 cxb4 20. Qxb4 Qb7 21. Qc3 Rfc8 22. Rb2 b5 23. c5 h6 24. Ne1 Bxg2 25. Nxg2 Nd5 26. Qf3 Rcb8 27. Nf4 Nxf4 28. Qxf4 Qc6 29. Rdb1 Rb7 30. Rb4 Rab8 31. f3 Rd8 32. Qe4 Rd5 33. f4 f6 34. Rxb5 Rxb5 35. Rxb5 Rxc5 36. Qxc6 Rxc6 37. Rb4 Ra6 38. Kf2 Kf7 39. Rb7+ Kg6 40. Ke3 Rc6 41. Kd3 Rc1 42. Rb4 Rh1 43. Rxa4 Rxh2 44. Ke3 h5 45. Ra7 Rb2 46. a4 1/2-1/2

[Event "UZB-ch 1st League"]
[Site "Tashkent"]
[Date "2010.04.18"]
[Round "8"]
[White "Nazhmeddinov, Sirodjiddin"]
[Black "Rustamov, Alisher"]
[Result "1/2-1/2"]
[WhiteElo "2190"]
[BlackElo "2264"]
[PlyCount "171"]
[EventDate "2010.04.11"]
[EventType "tourn"]
[EventRounds "11"]
[EventCountry "UZB"]
[SourceTitle "EXT 2013"]
[Source "ChessBase"]
[SourceDate "2012.11.22"]
[SourceVersion "1"]
[SourceVersionDate "2012.11.22"]
[SourceQuality "1"]

1. e4 g6 2. d4 Bg7 3. Nc3 d6 4. f4 Nc6 5. Nf3 Bg4 6. d5 Nd4 7. Be2 Nxe2 8. Qxe2 c6 9. h3 Bxf3 10. Qxf3 Qb6 11. a4 Nf6 12. a5 Qa6 13. dxc6 bxc6 14. Qe2 Qxe2+ 15. Kxe2 Rb8 16. Ra4 Nd7 17. Rc4 c5 18. Rd1 Bxc3 19. Rxc3 f6 20. b3 Rb5 21. Be3 Kf7 22. Ra1 Rb4 23. Kf3 Rc8 24. Bd2 Nb8 25. Re3 Rb5 26. Bc3 Nc6 27. Ra4 e5 28. fxe5 fxe5 29. Ke2 Nd4+ 30. Bxd4 cxd4 31. Rf3+ Ke6 32. Kd2 Rbc5 33. Ra2 d5 34. exd5+ Kxd5 35. Rf7 Rc3 36. Rxa7 Rg3 37. Rf7 Rxg2+ 38. Kd1 Rg1+ 39. Ke2 e4 40. a6 Rxc2+ 41. Rxc2 d3+ 42. Kd2 Rg2+ 43. Ke3 dxc2 44. Rc7 Rg3+ 45. Kd2 Rxb3 46. Kxc2 Ra3 47. a7 h6 48. Kd2 Kd4 49. Rd7+ Ke5 50. Ke2 Kf4 51. Rf7+ Kg3 52. Rh7 Kf4 53. Rf7+ Kg5 54. Re7 Ra2+ 55. Ke3 Ra4 56. h4+ Kf5 57. Rh7 Ra3+ 58. Ke2 Kf6 59. Rd7 Ke5 60. Rf7 g5 61. hxg5 hxg5 62. Kf2 Ke6 63. Rg7 Kf6 64. Rc7 Kf5 65. Rf7+ Kg4 66. Re7 Kf5 67. Rf7+ Ke6 68. Rg7 Kf6 69. Rc7 g4 70. Rb7 g3+ 71. Ke2 g2 72. Kf2 Ra2+ 73. Kg1 Ke5 74. Rb2 Rxa7 75. Kxg2 Rf7 76. Rf2 Ra7 77. Kf1 Kd4 78. Rb2 Rh7 79. Rb4+ Ke3 80. Rb3+ Kf4 81. Ke2 Rh2+ 82. Ke1 Ra2 83. Rc3 Ke5 84. Rb3 Kd4 85. Rh3 Kc4 86. Rg3 1/2-1/2

[Event "UZB-ch 1st League"]
[Site "Tashkent"]
[Date "2010.04.16"]
[Round "6"]
[White "Nazhmeddinov, Sirodjiddin"]
[Black "Sapaev, Maksad"]
[Result "0-1"]
[WhiteElo "2190"]
[BlackElo "2147"]
[PlyCount "96"]
[EventDate "2010.04.11"]
[EventType "tourn"]
[EventRounds "11"]
[EventCountry "UZB"]
[SourceTitle "EXT 2013"]
[Source "ChessBase"]
[SourceDate "2012.11.22"]
[SourceVersion "1"]
[SourceVersionDate "2012.11.22"]
[SourceQuality "1"]

1. e4 e5 2. Nf3 d6 3. d4 Nf6 4. Nc3 Nbd7 5. Bc4 Be7 6. 0-0 0-0 7. h3 c6 8. Bb3 Qc7 9. Bg5 Re8 10. a4 Nf8 11. Re1 Be6 12. d5 Bd7 13. dxc6 bxc6 14. Qd3 Be6 15. Rad1 Red8 16. Nh4 h6 17. Bxf6 Bxf6 18. Bxe6 fxe6 19. Nf3 Rab8 20. b3 d5 21. Qe2 Ng6 22. g3 Rf8 23. Nh2 Qf7 24. Rd3 Ne7 25. Ng4 h5 26. Nxf6+ Qxf6 27. Nd1 Rb4 28. Qxh5 dxe4 29. Rd7 Nd5 30. Qh4 Qxh4 31. gxh4 Rd4 32. a5 a6 33. c4 Nc3 34. Rxd4 exd4 35. Nxc3 dxc3 36. Rc1 Rf3 37. b4 Rd3 38. Kf1 Kf7 39. Ke2 Kf6 40. f3 Ke5 41. fxe4 Kd4 42. b5 cxb5 43. c5 Re3+ 44. Kd1 Kxc5 45. Kc2 Kc4 46. Rg1 b4 47. e5 b3+ 48. Kc1 b2+ 0-1

[Event "UZB-ch 1st League"]
[Site "Tashkent"]
[Date "2010.04.13"]
[Round "3"]
[White "Faizulaev, Akmal"]
[Black "Nazhmeddinov, Sirodjiddin"]
[Result "1-0"]
[WhiteElo "2303"]
[BlackElo "2190"]
[PlyCount "53"]
[EventDate "2010.04.11"]
[EventType "tourn"]
[EventRounds "11"]
[EventCountry "UZB"]
[SourceTitle "EXT 2013"]
[Source "ChessBase"]
[SourceDate "2012.11.22"]
[SourceVersion "1"]
[SourceVersionDate "2012.11.22"]
[SourceQuality "1"]

1. d4 Nf6 2. Nf3 c5 3. d5 b5 4. Bg5 Ne4 5. Bh4 Qa5+ 6. c3 d6 7. Nfd2 Bf5 8. f3 Nxd2 9. Nxd2 Bd7 10. e4 g6 11. e5 dxe5 12. Ne4 Qb6 13. Bf2 Na6 14. b4 f5 15. Nxc5 Nxc5 16. bxc5 Qa5 17. Qb3 a6 18. c6 Bc8 19. Be2 e6 20. 0-0 Qa3 21. c4 exd5 22. cxb5 Qd6 23. b6 Be6 24. b7 Rd8 25. Rfc1 d4 26. Qxe6+ Qxe6 27. c7 1-0

[Event "UZB-ch 1st League"]
[Site "Tashkent"]
[Date "2010.04.12"]
[Round "2"]
[White "Nazhmeddinov, Sirodjiddin"]
[Black "Madjidov, Jasur"]
[Result "0-1"]
[WhiteElo "2190"]
[BlackElo "2243"]
[PlyCount "168"]
[EventDate "2010.04.11"]
[EventType "tourn"]
[EventRounds "11"]
[EventCountry "UZB"]
[SourceTitle "EXT 2013"]
[Source "ChessBase"]
[SourceDate "2012.11.22"]
[SourceVersion "1"]
[SourceVersionDate "2012.11.22"]
[SourceQuality "1"]

1. e4 e5 2. Nf3 Nc6 3. Bb5 a6 4. Ba4 Nf6 5. 0-0 Be7 6. Re1 b5 7. Bb3 0-0 8. c3 d6 9. h3 Na5 10. Bc2 c5 11. d4 Qc7 12. d5 Nc4 13. b3 Nb6 14. Nbd2 c4 15. b4 a5 16. Ba3 axb4 17. Bxb4 Na4 18. Nf1 Nd7 19. Ne3 Re8 20. Qc1 Ndc5 21. Rb1 Bd7 22. Rd1 Bf8 23. Qd2 Nb6 24. a3 Nba4 25. Nh2 Qd8 26. Re1 Qh4 27. Neg4 h5 28. Nf3 Qd8 29. Ngh2 Qf6 30. Qe3 g6 31. Nf1 Qh8 32. Red1 Qh6 33. Qe2 f5 34. exf5 gxf5 35. Ng3 Nd3 36. Ne1 Nxb4 37. Bxa4 Rxa4 38. axb4 h4 39. Nf1 Rea8 40. Nf3 Bg7 41. Ne3 Qf4 42. Rd2 Ra1 43. Rxa1 Rxa1+ 44. Rd1 Ra8 45. Qb2 e4 46. Nd4 Be5 47. Nf1 Qg5 48. Ra1 Rxa1 49. Qxa1 Bxd4 50. cxd4 f4 51. Qa8+ Kf7 52. Kh2 c3 53. Qb7 Ke7 54. Qc7 f3 55. Ne3 Qxe3 56. fxe3 f2 57. Qxc3 f1Q 58. Qa3 Qc4 59. Qb2 Qxd5 60. Qf2 Qg5 61. Qd2 Qg3+ 62. Kh1 Be6 63. d5 Bd7 64. Qd4 Qe1+ 65. Kh2 Qg3+ 66. Kh1 Qe5 67. Qd2 Be8 68. Qf2 Qg5 69. Qe2 Bd7 70. Qd2 Qf6 71. Qe2 Qa1+ 72. Kh2 Qe5+ 73. Kh1 Qxd5 74. Qf2 Qg5 75. Qb2 Qf6 76. Qb3 Qe6 77. Qb2 Qe5 78. Qf2 Qg3 79. Qd2 Bxh3 80. gxh3 Qxh3+ 81. Kg1 Qg3+ 82. Kf1 h3 83. Qd5 Qf3+ 84. Ke1 Qxe3+ 0-1

[Event "UZB-ch 1st League"]
[Site "Tashkent"]
[Date "2010.04.11"]
[Round "1"]
[White "Nazhmeddinov, Sirodjiddin"]
[Black "Khoroshev, Nikita"]
[Result "1/2-1/2"]
[WhiteElo "2190"]
[BlackElo "2225"]
[PlyCount "78"]
[EventDate "2010.04.11"]
[EventType "tourn"]
[EventRounds "11"]
[EventCountry "UZB"]
[SourceTitle "EXT 2013"]
[Source "ChessBase"]
[SourceDate "2012.11.22"]
[SourceVersion "1"]
[SourceVersionDate "2012.11.22"]
[SourceQuality "1"]

1. e4 e5 2. Nf3 Nc6 3. Bb5 a6 4. Ba4 Nf6 5. 0-0 b5 6. Bb3 Bb7 7. d3 Bd6 8. c3 0-0 9. Bg5 h6 10. Bh4 Re8 11. a4 Na5 12. Bc2 c5 13. Nbd2 Bf8 14. Re1 g6 15. axb5 axb5 16. d4 cxd4 17. cxd4 d6 18. d5 Be7 19. Qe2 Qb6 20. Bxf6 Bxf6 21. b4 Nc4 22. Nxc4 bxc4 23. Rxa8 Rxa8 24. Qxc4 Rc8 25. Qb3 Qc7 26. Bd3 Qc3 27. Qxc3 Rxc3 28. Bf1 Rb3 29. b5 Rb2 30. Ra1 Kg7 31. Ra7 Bxd5 32. exd5 e4 33. Ra3 exf3 34. Rxf3 Bd4 35. g4 Bc5 36. Kg2 Rb4 37. h3 Rb2 38. Kg3 g5 39. Bd3 Bd4 1/2-1/2

[Event "Agzamov Memorial 04th"]
[Site "Tashkent"]
[Date "2010.03.29"]
[Round "7"]
[White "Nazhmeddinov, Sirodjiddin"]
[Black "Dzhumaev, Marat"]
[Result "1/2-1/2"]
[WhiteElo "2190"]
[BlackElo "2525"]
[PlyCount "84"]
[EventDate "2010.03.23"]
[EventType "swiss"]
[EventRounds "9"]
[EventCountry "UZB"]
[SourceTitle "CBM 135 Extra"]
[Source "ChessBase"]
[SourceDate "2010.05.04"]
[SourceVersion "1"]
[SourceVersionDate "2010.05.04"]
[SourceQuality "1"]

1. e4 Nf6 2. e5 Nd5 3. d4 d6 4. c4 Nb6 5. exd6 cxd6 6. Nc3 g6 7. Nf3 Bg7 8. Be2 0-0 9. 0-0 Nc6 10. Be3 Bg4 11. b3 e6 12. Rc1 d5 13. c5 Nc8 14. a3 N8e7 15. Nh4 Bxe2 16. Nxe2 f6 17. f4 e5 18. Qd2 Qd7 19. fxe5 fxe5 20. dxe5 Nxe5 21. h3 N7c6 22. Nd4 Qe7 23. Nhf3 Nxf3+ 24. Nxf3 d4 25. Bh6 Bxh6 26. Qxh6 d3 27. b4 Qd7 28. Qd2 Qd5 29. b5 Ne5 30. Nxe5 Rxf1+ 31. Rxf1 Qxc5+ 32. Kh1 Qxe5 33. Qxd3 Re8 34. Qd7 Qe7 35. Qd5+ Kg7 36. Qd4+ Qe5 37. Qxa7 Qxb5 38. Qf2 Qd5 39. Qf6+ Kg8 40. a4 Qd7 41. a5 Qd5 42. a6 bxa6 1/2-1/2